Countries Closest to Guatemala - Statistics

General Stats
  • This quiz has been taken 44 times
  • The average score is 19 of 20
Answer Stats
Distance (km) Distance (mi) Country % Correct
0 0 Belize
100%
535 332 Costa Rica
100%
0 0 El Salvador
100%
0 0 Honduras
100%
0 0 Mexico
100%
878 546 Panama
100%
627 390 Cuba
97%
1,087 676 Jamaica
97%
273 170 Nicaragua
97%
993 617 United States / Florida
97%
834 518 Colombia / San Andres & Providencia
95%
1,755 1,091 Dominican Republic
95%
1,350 839 Ecuador / Galapagos Islands
92%
1,494 928 Haiti
92%
1,762 1,095 Venezuela
92%
1,348 838 Bahamas
90%
2,182 1,356 Peru
82%
1,991 1,237 Netherlands / Aruba
79%
826 513 United Kingdom / Cayman Islands
77%
1,903 1,182 France / Clipperton Island
72%
No matching quizzes found
Score Distribution
Percent of People with Each Score
Percentile by Number Answered
Your Score History
You have not taken this quiz